[Event "BL 2223 (Women)"]
[Site "Germany"]
[Date "2022.10.15"]
[Round "1.5"]
[White "Vidonyak, Nellya"]
[Black "Sewald, Kathrin"]
[Result "1-0"]
[WhiteElo "2102"]
[BlackElo "1973"]
[PlyCount "71"]
[EventDate "2022.10.15"]
[EventType "team-tourn"]
[EventRounds "11"]
[EventCountry "GER"]
[SourceTitle "EXT 2024"]
[Source "ChessBase"]
[SourceDate "2023.10.10"]
[SourceVersion "1"]
[SourceVersionDate "2023.10.10"]
[SourceQuality "1"]
[WhiteTeam "Bayern Muenchen (W)"]
[BlackTeam "Hemer (W)"]
[WhiteTeamCountry "GER"]
[BlackTeamCountry "GER"]

1. d4 c5 2. d5 d6 3. b3 Nf6 4. Bb2 Na6 5. c4 Bf5 6. f3 Qc7 7. e4 Bg6 8. Nd2 e5 9. dxe6 fxe6 10. Bd3 0-0-0 11. a3 Nb8 12. Ne2 d5 13. cxd5 exd5 14. Qc2 d4 15. Rc1 Nc6 16. 0-0 Kb8 17. h3 Ne5 18. Bxd4 Nxd3 19. Qxd3 Bd6 20. f4 Rhe8 21. Bxf6 gxf6 22. Qc2 Bf8 23. Nc3 Qd6 24. f5 Bh5 25. Nd5 Qe5 26. Nc4 Qd4+ 27. Kh1 Bh6 28. Rce1 Bg5 29. Nf4 Bf7 30. Rd1 Bxc4 31. Rxd4 Bxf1 32. Rxd8+ Rxd8 33. Nd5 Bb5 34. Qf2 Rd7 35. h4 Bh6 36. Qg3+ 1-0

[Event "BL 2122 (Women)"]
[Site "Germany"]
[Date "2022.04.10"]
[Round "8.4"]
[White "Wagner, Dinara"]
[Black "Sewald, Kathrin"]
[Result "1-0"]
[WhiteElo "2287"]
[BlackElo "1977"]
[PlyCount "65"]
[EventDate "2021.11.27"]
[EventType "team-tourn"]
[EventRounds "11"]
[EventCountry "GER"]
[SourceTitle "EXT 2023"]
[Source "ChessBase"]
[SourceDate "2022.10.05"]
[SourceVersion "1"]
[SourceVersionDate "2022.10.05"]
[SourceQuality "1"]
[WhiteTeam "Bad Koenigshofen (W)"]
[BlackTeam "Hemer (W)"]
[WhiteTeamCountry "GER"]
[BlackTeamCountry "GER"]

1. d4 c5 2. d5 d6 3. Nc3 g6 4. e4 Bg7 5. Nf3 Nf6 6. Bc4 0-0 7. 0-0 Na6 8. Re1 Ne8 9. Bf4 h6 10. e5 g5 11. Bg3 f5 12. exf6 exf6 13. Nd2 f5 14. f4 Nf6 15. Nb5 Ne8 16. c3 Bf6 17. Nf1 Nac7 18. Nxc7 Nxc7 19. a4 Rb8 20. Ne3 Bg7 21. Bd3 b6 22. fxg5 hxg5 23. Rf1 f4 24. Qh5 Rf7 25. Bg6 Rf6 26. Bh7+ Kf8 27. Qxg5 fxg3 28. Rxf6+ Bxf6 29. Rf1 gxh2+ 30. Kh1 Ne8 31. Qh6+ Kf7 32. Bg6+ Ke7 33. Qh7+ 1-0

[Event "BL 2122 (Women)"]
[Site "Germany"]
[Date "2022.04.09"]
[Round "7.4"]
[White "Sewald, Kathrin"]
[Black "Ambartsumova, Karina"]
[Result "0-1"]
[WhiteElo "1977"]
[BlackElo "2382"]
[PlyCount "80"]
[EventDate "2021.11.27"]
[EventType "team-tourn"]
[EventRounds "11"]
[EventCountry "GER"]
[SourceTitle "EXT 2023"]
[Source "ChessBase"]
[SourceDate "2022.10.05"]
[SourceVersion "1"]
[SourceVersionDate "2022.10.05"]
[SourceQuality "1"]
[WhiteTeam "Hemer (W)"]
[BlackTeam "Schwaebisch Hall (W)"]
[WhiteTeamCountry "GER"]
[BlackTeamCountry "GER"]

1. e4 e5 2. Nf3 Nc6 3. Bc4 Bc5 4. Bb3 Nf6 5. d3 0-0 6. Nbd2 d5 7. Qe2 a5 8. c3 a4 9. Bc2 Re8 10. 0-0 h6 11. Nh4 Bg4 12. Ndf3 Nh5 13. g3 Qd7 14. Ng2 d4 15. Kh1 f5 16. exf5 Qxf5 17. Ngh4 Qf7 18. Bd1 Rf8 19. Qe4 Nf6 20. Qe1 g5 21. Ng2 Qh5 22. Qe2 dxc3 23. bxc3 Nd5 24. Qe4 Rad8 25. Nxg5 hxg5 26. Bxg4 Qh6 27. f4 gxf4 28. gxf4 Rf7 29. f5 Qd6 30. Bh5 Rg7 31. f6 Nxf6 32. Qc4+ Nd5 33. Bd2 Kh8 34. Qh4 Qe7 35. Qh3 Rh7 36. Nh4 Rg8 37. Bf7 Rxh4 38. Qf3 Nf4 39. Bxf4 Qxf7 40. Qe4 exf4 0-1

[Event "GER-chT Federal Cup (Women)"]
[Site "Braunfels"]
[Date "2021.10.23"]
[Round "4.6"]
[White "Braun, Kristin"]
[Black "Sewald, Kathrin"]
[Result "1-0"]
[WhiteElo "1903"]
[BlackElo "2009"]
[PlyCount "105"]
[EventDate "2021.10.19"]
[EventType "team-tourn"]
[EventRounds "5"]
[EventCountry "GER"]
[SourceTitle "CBM 204 Extra"]
[Source "ChessBase"]
[SourceDate "2021.11.30"]
[SourceVersion "1"]
[SourceVersionDate "2021.11.30"]
[SourceQuality "1"]

1. e4 e5 2. Bc4 Nc6 3. Nf3 Nf6 4. d3 h6 5. c3 d6 6. Nbd2 g6 7. Nf1 Bg7 8. Bb3 Qe7 9. Ng3 Nd8 10. Qe2 Ne6 11. d4 Nf4 12. Qf1 0-0 13. dxe5 dxe5 14. Bd2 b6 15. 0-0-0 a5 16. Rg1 a4 17. Bc4 c6 18. a3 b5 19. Ba2 Ba6 20. c4 Rfb8 21. Bc3 Nd7 22. cxb5 cxb5 23. Bb4 Nc5 24. Kb1 Qa7 25. Rd6 Bf8 26. Rf6 Nb3 27. Bxb3 axb3 28. Bxf8 Rxf8 29. Nxe5 Qe7 30. Ng4 Nh5 31. Nxh6+ Kh7 32. Nxh5 Qxe4+ 33. Ka1 gxh5 34. Qc1 Qc2 35. Nf5 Qxc1+ 36. Rxc1 Bc8 37. Rh6+ Kg8 38. Rxh5 Bxf5 39. Rxf5 Rac8 40. Kb1 Rxc1+ 41. Kxc1 Rc8+ 42. Kb1 Re8 43. Kc1 Rc8+ 44. Kd1 Rc2 45. Rxb5 Rxb2 46. Kc1 Rc2+ 47. Kb1 Rxf2 48. Rxb3 Rxg2 49. Rg3+ Rxg3 50. hxg3 Kf8 51. Kc2 Ke7 52. Kd3 Kd6 53. Ke4 1-0

[Event "GER-ch op (Women)"]
[Site "Bayerisch Eisenstein"]
[Date "2019.08.01"]
[Round "6"]
[White "Just, Anita"]
[Black "Sewald, Kathrin"]
[Result "1/2-1/2"]
[WhiteElo "1875"]
[BlackElo "2016"]
[PlyCount "143"]
[EventDate "2019.07.27"]
[EventType "swiss"]
[EventRounds "9"]
[EventCountry "GER"]
[SourceTitle "CBM 191 Extra"]
[Source "ChessBase"]
[SourceDate "2019.09.30"]
[SourceVersion "1"]
[SourceVersionDate "2019.09.30"]
[SourceQuality "1"]

1. e4 e5 2. Nf3 d6 3. d4 Qe7 4. dxe5 dxe5 5. Qd5 Nd7 6. Nc3 Ngf6 7. Qc4 c6 8. Be3 Ng4 9. 0-0-0 Nxe3 10. fxe3 Nb6 11. Qd3 f6 12. Nh4 g6 13. Nf3 Bd7 14. Nd2 Bh6 15. Kb1 0-0-0 16. Qe2 Be6 17. Qf2 f5 18. Bd3 Rhf8 19. Qe2 Qc5 20. exf5 gxf5 21. e4 f4 22. Nb3 Qe7 23. Qh5 Bg5 24. Rhf1 Rg8 25. Be2 Bf6 26. Rxd8+ Kxd8 27. Qf3 Bh4 28. Rd1+ Kc7 29. Qf1 Qf8 30. Nd2 Qf7 31. Nf3 Bf6 32. Qf2 Qe7 33. Qf1 Qb4 34. Qe1 a5 35. a3 Qc5 36. g3 Nc4 37. Bxc4 Qxc4 38. Nd2 Qc5 39. Na4 Qd4 40. Nc3 Qa7 41. Nf3 fxg3 42. hxg3 b5 43. Qh1 Rxg3 44. Qxh7+ Kb6 45. Qxa7+ Kxa7 46. Rd6 Rxf3 47. Rxe6 Kb7 48. Rd6 Kc7 49. Rd1 Re3 50. Rd3 Re1+ 51. Rd1 Bh4 52. b3 b4 53. axb4 axb4 54. Rxe1 Bxe1 55. Ne2 Bd2 56. Kb2 Kb6 57. c3 bxc3+ 58. Nxc3 Bxc3+ 59. Kxc3 Kb5 60. b4 c5 61. bxc5 Kxc5 62. Kd3 Kb4 63. Kd2 Kb3 64. Kd3 Kb4 65. Kd2 Kc4 66. Ke3 Kc3 67. Ke2 Kd4 68. Kd2 Kxe4 69. Ke2 Kd4 70. Kd2 e4 71. Ke2 e3 72. Ke1 1/2-1/2

[Event "GER-ch op (Women)"]
[Site "Bayerisch Eisenstein"]
[Date "2019.07.28"]
[Round "2"]
[White "Ries, Jutta"]
[Black "Sewald, Kathrin"]
[Result "1/2-1/2"]
[WhiteElo "1983"]
[BlackElo "2016"]
[PlyCount "84"]
[EventDate "2019.07.27"]
[EventType "swiss"]
[EventRounds "9"]
[EventCountry "GER"]
[SourceTitle "CBM 191 Extra"]
[Source "ChessBase"]
[SourceDate "2019.09.30"]
[SourceVersion "1"]
[SourceVersionDate "2019.09.30"]
[SourceQuality "1"]

1. f4 Nh6 2. Nf3 g6 3. Nc3 d5 4. e3 Bg7 5. b3 0-0 6. Bb2 c5 7. Na4 d4 8. Nxc5 dxe3 9. Bxg7 Kxg7 10. Nd3 exd2+ 11. Qxd2 Nc6 12. Rd1 Qb6 13. Qc3+ f6 14. Qc5 Qxc5 15. Nxc5 Ng4 16. Nd4 Nxd4 17. Rxd4 e5 18. fxe5 fxe5 19. Rd2 b6 20. Ne4 Bf5 21. Bd3 Rad8 22. Re2 Rd4 23. Rf1 Nxh2 24. Rh1 Bxe4 25. Bxe4 Ng4 26. c3 Rxe4 27. Rxe4 Nf2 28. Reh4 Nxh1 29. Rxh1 h5 30. Ke2 Rd8 31. Rf1 Rd7 32. Ke3 Kh6 33. Rf2 Kg5 34. Ke4 Re7 35. Rf3 Kg4 36. c4 h4 37. b4 Rd7 38. Rc3 Rd4+ 39. Kxe5 Rd2 40. c5 bxc5 41. bxc5 Rxg2 42. c6 Rxa2 1/2-1/2

[Event "GER-ch op (Women)"]
[Site "Bayerisch Eisenstein"]
[Date "2019.07.27"]
[Round "1"]
[White "Sewald, Kathrin"]
[Black "Peglau, Dora"]
[Result "1-0"]
[WhiteElo "2016"]
[BlackElo "1300"]
[PlyCount "59"]
[EventDate "2019.07.27"]
[EventType "swiss"]
[EventRounds "9"]
[EventCountry "GER"]
[SourceTitle "CBM 191 Extra"]
[Source "ChessBase"]
[SourceDate "2019.09.30"]
[SourceVersion "1"]
[SourceVersionDate "2019.09.30"]
[SourceQuality "1"]

1. e4 c6 2. d3 d5 3. Nd2 dxe4 4. dxe4 e5 5. Ngf3 Nd7 6. Bc4 Bc5 7. 0-0 Ngf6 8. Qe2 0-0 9. h3 Qc7 10. a4 Rd8 11. Ng5 Rf8 12. Re1 h6 13. Ngf3 Rd8 14. Nf1 Nf8 15. Nh4 Ne6 16. c3 Bb6 17. Qf3 Nf4 18. Ng3 Be6 19. Bf1 Rd7 20. Ngf5 Rad8 21. Qg3 Bxf5 22. Nxf5 Ng6 23. Bc4 Kh7 24. Qf3 Kg8 25. Nxh6+ Kf8 26. Bg5 Qd6 27. a5 Bc7 28. Nf5 Qc5 29. b3 Bxa5 30. Be3 1-0

[Event "Mittelrhein Verbandsliga-N 18/19"]
[Site "Nordrheinwestfalen"]
[Date "2018.11.18"]
[Round "4.2"]
[White "Sewald, Kathrin"]
[Black "Schniggenberg, Gerd"]
[Result "1/2-1/2"]
[WhiteElo "2001"]
[BlackElo "1924"]
[PlyCount "95"]
[EventDate "2018.09.02"]
[EventType "team-tourn"]
[EventRounds "12"]
[EventCountry "GER"]
[SourceTitle "EXT 2022"]
[Source "ChessBase"]
[SourceDate "2021.10.06"]
[SourceVersion "1"]
[SourceVersionDate "2021.10.06"]
[SourceQuality "1"]
[WhiteTeam "Porz SG III"]
[BlackTeam "Godesberg III"]
[WhiteTeamCountry "GER"]
[BlackTeamCountry "GER"]

1. e4 e6 2. d3 d5 3. Nd2 Nf6 4. Ngf3 c5 5. g3 Nc6 6. Bg2 Bd6 7. 0-0 dxe4 8. dxe4 0-0 9. Re1 e5 10. Nh4 Qc7 11. Nf5 Rd8 12. c3 Be6 13. Qe2 Bf8 14. Nc4 Ne8 15. f4 Nd6 16. Nfxd6 Bxd6 17. f5 Bxc4 18. Qxc4 Na5 19. Qe2 f6 20. Bf1 c4 21. Qh5 b5 22. g4 Be7 23. Kg2 Qc6 24. Kf3 Nb7 25. g5 fxg5 26. Bxg5 Bxg5 27. Qxg5 Nc5 28. Rac1 Nd3 29. Red1 Rd6 30. Bxd3 cxd3 31. Rd2 Rad8 32. Rg1 R8d7 33. Qh5 Rf7 34. Rg5 b4 35. cxb4 Rd4 36. Qg4 Qc1 37. Qg2 Qe1 38. Rg4 Kf8 39. Qf2 Rxe4 40. Qxe1 Rxe1 41. Kf2 Rb1 42. Ke3 Rxf5 43. Kxd3 Rf7 44. Re2 Re7 45. a4 Kf7 46. Rge4 Kf6 47. Kc4 Rd1 48. Kc5 1/2-1/2

[Event "Mittelrhein Verbandsliga-N 18/19"]
[Site "Nordrheinwestfalen"]
[Date "2018.09.30"]
[Round "2.1"]
[White "Kersten, Alexander"]
[Black "Sewald, Kathrin"]
[Result "0-1"]
[WhiteElo "1951"]
[BlackElo "2001"]
[PlyCount "54"]
[EventDate "2018.09.02"]
[EventType "team-tourn"]
[EventRounds "12"]
[EventCountry "GER"]
[SourceTitle "EXT 2022"]
[Source "ChessBase"]
[SourceDate "2021.10.06"]
[SourceVersion "1"]
[SourceVersionDate "2021.10.06"]
[SourceQuality "1"]
[WhiteTeam "Rheinpark BSG"]
[BlackTeam "Porz SG III"]
[WhiteTeamCountry "GER"]
[BlackTeamCountry "GER"]

1. c4 e5 2. g3 d6 3. Bg2 Nf6 4. Nc3 g6 5. e4 Bg7 6. Nge2 0-0 7. 0-0 Nc6 8. d3 Nd7 9. f4 exf4 10. Bxf4 Nde5 11. h3 Nb4 12. Nc1 g5 13. Be3 Be6 14. a3 Nbc6 15. N1e2 Ng6 16. Qd2 h6 17. Nd5 Nge5 18. Kh2 f5 19. Nec3 Na5 20. exf5 Bxf5 21. Rxf5 Rxf5 22. Qe2 c6 23. Be4 Rf7 24. Nb4 Nb3 25. Re1 Nc5 26. Bxc5 dxc5 27. Nc2 Qf6 0-1

[Event "EU-ch U18 Girls 28th"]
[Site "Riga"]
[Date "2018.08.22"]
[Round "3"]
[White "Sewald, Kathrin"]
[Black "Mirza, Diana"]
[Result "1/2-1/2"]
[WhiteElo "2030"]
[BlackElo "1886"]
[PlyCount "88"]
[EventDate "2018.08.20"]
[EventType "swiss"]
[EventRounds "9"]
[EventCountry "LAT"]
[SourceTitle "CBM 186 Extra"]
[Source "ChessBase"]
[SourceDate "2018.08.24"]
[SourceVersion "1"]
[SourceVersionDate "2018.08.24"]
[SourceQuality "1"]

1. e4 c5 2. Nf3 e6 3. d3 Nc6 4. g3 d5 5. Nbd2 Bd6 6. Bg2 Nge7 7. 0-0 0-0 8. Nh4 Qb6 9. Qh5 Nb4 10. Qd1 Bd7 11. a3 Nbc6 12. Qh5 g6 13. Qh6 Be5 14. Nhf3 Bg7 15. Qg5 Qc7 16. h4 h6 17. Qe3 Nd4 18. Ne1 dxe4 19. dxe4 Bb5 20. c4 Ba4 21. Kh1 f5 22. Ndf3 Nb3 23. Rb1 Nxc1 24. Qxc1 fxe4 25. Nh2 Bc6 26. Ng4 Nf5 27. Nc2 h5 28. Nge3 Bh6 29. b4 b6 30. Qe1 Nd4 31. Nxd4 cxd4 32. Nc2 Rad8 33. b5 Ba8 34. Bxe4 d3 35. Nb4 Qxc4 36. Bxa8 Rxa8 37. f4 Bg7 38. Rc1 Qxb5 39. Qxe6+ Kh7 40. Rc7 Rae8 41. Qd7 Qxd7 42. Rxd7 Re3 43. Rxd3 Rxd3 44. Nxd3 Rc8 1/2-1/2

[Event "EU-ch U18 Girls 28th"]
[Site "Riga"]
[Date "2018.08.20"]
[Round "1"]
[White "Sewald, Kathrin"]
[Black "Przepiora, Anna"]
[Result "0-1"]
[WhiteElo "2030"]
[BlackElo "1663"]
[PlyCount "86"]
[EventDate "2018.08.20"]
[EventType "swiss"]
[EventRounds "9"]
[EventCountry "LAT"]
[SourceTitle "CBM 186 Extra"]
[Source "ChessBase"]
[SourceDate "2018.08.24"]
[SourceVersion "1"]
[SourceVersionDate "2018.08.24"]
[SourceQuality "1"]

1. e4 c5 2. Nf3 a6 3. d3 Nc6 4. g3 g6 5. Bg2 Bg7 6. 0-0 e6 7. Re1 Nge7 8. Nbd2 0-0 9. e5 Qc7 10. Nc4 b5 11. Nd6 Rb8 12. Nxc8 Rfxc8 13. Qe2 Nd4 14. Nxd4 cxd4 15. Bg5 Nc6 16. Bxc6 Qxc6 17. Rac1 Qc5 18. Qe4 Qb4 19. c3 Qxb2 20. Re2 Qa3 21. Qxd4 Rc7 22. Rcc2 Rbc8 23. Bd2 d6 24. Qxd6 Qxd6 25. exd6 Rd7 26. Bf4 Rxc3 27. Rxc3 Bxc3 28. Rc2 b4 29. Re2 Kg7 30. h4 a5 31. Kg2 a4 32. Be5+ Bxe5 33. Rxe5 Rxd6 34. Rb5 Rd4 35. Kf1 Rxd3 36. Rxb4 Ra3 37. Rb2 f5 38. Kg2 Kf6 39. Re2 e5 40. Kh2 f4 41. gxf4 exf4 42. Rb2 Kf5 43. Kg2 Kg4 0-1

[Event "GER-ch U18 Girls"]
[Site "Willingen"]
[Date "2018.05.23"]
[Round "5"]
[White "Ley, Sabrina"]
[Black "Sewald, Kathrin"]
[Result "0-1"]
[WhiteElo "1929"]
[BlackElo "2012"]
[PlyCount "78"]
[EventDate "2018.05.19"]
[EventType "swiss"]
[EventRounds "9"]
[EventCountry "GER"]
[SourceTitle "CBM 184 Extra"]
[Source "ChessBase"]
[SourceDate "2018.06.28"]
[SourceVersion "1"]
[SourceVersionDate "2018.06.28"]
[SourceQuality "1"]

1. c4 e5 2. Nc3 d6 3. d4 Nd7 4. b3 g6 5. Bb2 Bg7 6. e3 Ne7 7. g3 0-0 8. Bg2 f5 9. Nge2 g5 10. Qd2 Ng6 11. 0-0-0 f4 12. gxf4 gxf4 13. Be4 Qh4 14. Rdf1 f3 15. Ng3 exd4 16. Nd5 dxe3 17. fxe3 Bxb2+ 18. Kxb2 Nde5 19. Nxc7 Qf6 20. Qd5+ Kh8 21. Kb1 Rb8 22. h4 Ne7 23. Qd2 N7c6 24. Nh5 Qf7 25. Nf4 Qxc7 26. Rhg1 Bf5 27. Bxf5 Rxf5 28. Qc2 Qf7 29. Nd5 Rg8 30. Qf2 Ng4 31. Qg3 Nce5 32. e4 Rh5 33. Nf4 Rh6 34. Nh3 Qg6 35. Ng5 Rf8 36. Kc1 f2 37. Rg2 Rh5 38. Qc3 Rxh4 39. Nf3 Rxf3 0-1

[Event "GER-ch U18 Girls"]
[Site "Willingen"]
[Date "2018.05.20"]
[Round "2"]
[White "Poetsch, Leonore"]
[Black "Sewald, Kathrin"]
[Result "0-1"]
[WhiteElo "1891"]
[BlackElo "2012"]
[PlyCount "74"]
[EventDate "2018.05.19"]
[EventType "swiss"]
[EventRounds "9"]
[EventCountry "GER"]
[SourceTitle "CBM 184 Extra"]
[Source "ChessBase"]
[SourceDate "2018.06.28"]
[SourceVersion "1"]
[SourceVersionDate "2018.06.28"]
[SourceQuality "1"]

1. e4 e5 2. Nf3 d6 3. Bc4 h6 4. 0-0 Nf6 5. d3 Nbd7 6. Nc3 c6 7. Be3 Be7 8. Qe2 Nf8 9. Rad1 g5 10. d4 Qc7 11. a4 Ng6 12. b4 g4 13. Ne1 Nh5 14. g3 Nf6 15. b5 Kf8 16. f4 gxf3 17. Nxf3 Bh3 18. Rfe1 Kg7 19. d5 c5 20. Qd2 Rag8 21. Bf1 Bg4 22. Bg2 Qc8 23. Rf1 Bd8 24. Qe2 Qd7 25. Rb1 h5 26. Qc4 h4 27. Nxh4 Nxh4 28. gxh4 Kf8 29. Bg5 Nh5 30. Ne2 Bxg5 31. hxg5 Rxg5 32. Ng3 Nf4 33. Rf2 f6 34. Bf1 Qh7 35. Rb3 Bh3 36. Kh1 Bg2+ 37. Rxg2 Nxg2 0-1

[Event "GER-chT U20"]
[Site "Duesseldorf"]
[Date "2017.12.30"]
[Round "7.5"]
[White "Moses, Selina"]
[Black "Sewald, Kathrin"]
[Result "0-1"]
[WhiteElo "1935"]
[BlackElo "1890"]
[PlyCount "80"]
[EventDate "2017.12.27"]
[EventType "team-swiss"]
[EventRounds "7"]
[EventCountry "GER"]
[SourceTitle "CBM 182 Extra"]
[Source "ChessBase"]
[SourceDate "2018.02.23"]
[SourceVersion "1"]
[SourceVersionDate "2018.02.23"]
[SourceQuality "1"]
[WhiteTeam "Coswig U20"]
[BlackTeam "Porz SG U20"]
[WhiteTeamCountry "GER"]
[BlackTeamCountry "GER"]

1. e4 e5 2. Nf3 d6 3. d4 Qe7 4. Nc3 c6 5. dxe5 dxe5 6. a4 Nf6 7. Bc4 h6 8. Qe2 Bg4 9. b3 Qc7 10. Bb2 Nbd7 11. 0-0 Nh5 12. h3 Nf4 13. Qd1 Bh5 14. Nb1 0-0-0 15. Nbd2 Bd6 16. Qe1 Nb6 17. Qe3 Qe7 18. a5 Nxc4 19. bxc4 Bc5 20. Qb3 f6 21. Rfe1 g5 22. Nf1 g4 23. Nh4 gxh3 24. Nf5 Qc7 25. g3 Ne2+ 26. Rxe2 Bxe2 27. N1e3 h5 28. Re1 Bf3 29. Nf1 Bg2 30. Nh4 Rhg8 31. a6 b6 32. Nxg2 hxg2 33. Kxg2 h4 34. Qf3 hxg3 35. Nxg3 Rd2 36. Re2 Rxe2 37. Qxe2 Qd7 38. Qh5 Qg7 39. Qf5+ Kc7 40. Kf1 Bxf2 0-1

[Event "BL2 West 1718 (Women)"]
[Site "Germany"]
[Date "2017.12.17"]
[Round "3.2"]
[White "Sewald, Kathrin"]
[Black "Moenster, Madita"]
[Result "1-0"]
[WhiteElo "1910"]
[BlackElo "1730"]
[PlyCount "63"]
[EventDate "2017.10.14"]
[EventType "team-tourn"]
[EventRounds "7"]
[EventCountry "GER"]
[SourceTitle "EXT 2019"]
[Source "ChessBase"]
[SourceDate "2018.10.10"]
[SourceVersion "1"]
[SourceVersionDate "2018.10.10"]
[SourceQuality "1"]
[WhiteTeam "Muenster SK (W)"]
[BlackTeam "Delmenhorst (W)"]
[WhiteTeamCountry "GER"]
[BlackTeamCountry "GER"]

1. e4 c5 2. d3 Nc6 3. g3 g6 4. Be3 Bg7 5. c3 d6 6. Qc1 e6 7. Nf3 b6 8. Bg2 Ba6 9. Qc2 Nge7 10. 0-0 0-0 11. Rd1 d5 12. Qc1 Rc8 13. Na3 Re8 14. Bh6 Bh8 15. Qf4 Qc7 16. Qh4 dxe4 17. dxe4 f5 18. Bf4 e5 19. Ng5 h5 20. Ne6 Qb8 21. Bg5 fxe4 22. Qxe4 Nf5 23. Qd5 Nce7 24. Qd7 Kf7 25. Bd5 Kg8 26. Nc7+ Nxd5 27. Qxd5+ Kf8 28. Nxa6 Qa8 29. Qxa8 Rxa8 30. Nc7 Rac8 31. Nxe8 Rxe8 32. Rd7 1-0

[Event "Mittelrhein Verbandsliga-N 17/18"]
[Site "Nordrheinwestfalen"]
[Date "2017.12.03"]
[Round "5.3"]
[White "Eilers, Jochen"]
[Black "Sewald, Kathrin"]
[Result "0-1"]
[WhiteElo "2000"]
[BlackElo "1868"]
[PlyCount "56"]
[EventDate "2017.09.10"]
[EventType "team-swiss"]
[EventRounds "11"]
[EventCountry "GER"]
[SourceTitle "EXT 2022"]
[Source "ChessBase"]
[SourceDate "2021.10.06"]
[SourceVersion "1"]
[SourceVersionDate "2021.10.06"]
[SourceQuality "1"]
[WhiteTeam "Bergische SF"]
[BlackTeam "Porz SG IV"]
[WhiteTeamCountry "GER"]
[BlackTeamCountry "GER"]

1. g3 e5 2. c4 g6 3. Bg2 Bg7 4. e4 Nc6 5. Nc3 Nge7 6. Nge2 0-0 7. d3 d6 8. 0-0 Be6 9. Be3 h6 10. Qd2 Kh7 11. Nd5 Nd4 12. f4 Nec6 13. fxe5 Nxe2+ 14. Qxe2 dxe5 15. Rf2 Nb8 16. Raf1 Nd7 17. Bd2 c6 18. Ne3 Nc5 19. Bb4 Qb6 20. Bc3 Rad8 21. Rd1 Rd7 22. Qd2 Rxd3 23. Qe1 Rxd1 24. Nxd1 Nd3 25. Ba5 Nxe1 26. Bxb6 axb6 27. Bf1 Rd8 28. Ne3 Bf8 0-1

[Event "Mittelrhein Verbandsliga-N 17/18"]
[Site "Nordrheinwestfalen"]
[Date "2017.10.22"]
[Round "3.2"]
[White "Sewald, Kathrin"]
[Black "Lattermann, Stefan"]
[Result "1/2-1/2"]
[WhiteElo "1868"]
[BlackElo "2011"]
[PlyCount "25"]
[EventDate "2017.09.10"]
[EventType "team-swiss"]
[EventRounds "11"]
[EventCountry "GER"]
[SourceTitle "EXT 2022"]
[Source "ChessBase"]
[SourceDate "2021.10.06"]
[SourceVersion "1"]
[SourceVersionDate "2021.10.06"]
[SourceQuality "1"]
[WhiteTeam "Porz SG IV"]
[BlackTeam "Rheinpark BSG"]
[WhiteTeamCountry "GER"]
[BlackTeamCountry "GER"]

1. e4 c5 2. d3 Nc6 3. c3 d5 4. Qe2 e5 5. g3 Nf6 6. Bg2 dxe4 7. dxe4 Be7 8. Nf3 0-0 9. 0-0 h6 10. Nbd2 Be6 11. Nc4 Qc7 12. Nh4 Rad8 13. Ne3 1/2-1/2

[Event "Mittelrhein Verbandsliga-N 17/18"]
[Site "Nordrheinwestfalen"]
[Date "2017.10.01"]
[Round "2.2"]
[White "Spiekermann, Thomas"]
[Black "Sewald, Kathrin"]
[Result "1/2-1/2"]
[WhiteElo "1965"]
[BlackElo "1868"]
[PlyCount "105"]
[EventDate "2017.09.10"]
[EventType "team-swiss"]
[EventRounds "11"]
[EventCountry "GER"]
[SourceTitle "EXT 2022"]
[Source "ChessBase"]
[SourceDate "2021.10.06"]
[SourceVersion "1"]
[SourceVersionDate "2021.10.06"]
[SourceQuality "1"]
[WhiteTeam "Dormagen SV"]
[BlackTeam "Porz SG IV"]
[WhiteTeamCountry "GER"]
[BlackTeamCountry "GER"]

1. d4 c5 2. c3 d5 3. Bf4 Nc6 4. e3 e6 5. Nd2 Nf6 6. Ngf3 Bd6 7. Bg3 0-0 8. Bd3 b6 9. e4 Bxg3 10. hxg3 h6 11. e5 Nd7 12. g4 f6 13. exf6 Qxf6 14. g5 hxg5 15. Qe2 cxd4 16. Nxg5 g6 17. Nh7 Qe5 18. Nxf8 Kxf8 19. Bxg6 dxc3 20. bxc3 Qxc3 21. 0-0 Nd4 22. Qe3 Ba6 23. Rfe1 Ne2+ 24. Kh2 Qxe3 25. fxe3 Kg7 26. Bh5 Rh8 27. g4 Nf6 28. Kg2 Rc8 29. Nf3 Rc2 30. Kh3 Rc3 31. Kh4 Rxe3 32. Nd4 Re4 33. Nxe2 Bxe2 34. Rg1 Nxh5 35. Kxh5 d4 36. Rac1 Re5+ 37. Kh4 Rc5 38. Kg3 d3 39. Rxc5 bxc5 40. Kf2 c4 41. Rb1 Kf6 42. Ke3 e5 43. Rb7 c3 44. Rxa7 e4 45. Rc7 c2 46. Rc5 Bxg4 47. a4 Ke6 48. a5 Kd6 49. Rc3 Be6 50. a6 Bd5 51. a7 Kd7 52. Kd2 Ba8 53. Ke3 1/2-1/2

[Event "GER-ch U18 Girls"]
[Site "Willingen"]
[Date "2017.06.10"]
[Round "9"]
[White "Sewald, Kathrin"]
[Black "Yi, Wendy"]
[Result "1-0"]
[WhiteElo "1852"]
[BlackElo "1775"]
[PlyCount "73"]
[EventDate "2017.06.04"]
[EventType "swiss"]
[EventRounds "9"]
[EventCountry "GER"]
[SourceTitle "CBM 178 Extra"]
[Source "ChessBase"]
[SourceDate "2017.06.22"]
[SourceVersion "1"]
[SourceVersionDate "2017.06.22"]
[SourceQuality "1"]

1. e4 e5 2. Nf3 Nc6 3. Bc4 Bc5 4. c3 Nf6 5. d3 a6 6. Bb3 Ba7 7. Nbd2 0-0 8. Nf1 d5 9. Qe2 Re8 10. Ng3 h6 11. 0-0 Be6 12. h3 Na5 13. Bc2 dxe4 14. Nxe4 Qe7 15. b4 Nc6 16. a4 Nd5 17. b5 f5 18. bxc6 fxe4 19. cxb7 exf3 20. bxa8Q fxe2 21. Qxa7 exf1Q+ 22. Kxf1 Qh4 23. Qc5 Nf4 24. Bxf4 exf4 25. Re1 f3 26. Qc6 fxg2+ 27. Kg1 Re7 28. Rxe6 Qxh3 29. Qa8+ Kf7 30. Rxe7+ Kxe7 31. Qe4+ Kf6 32. Qf4+ Ke6 33. Bb3+ Kd7 34. Qf7+ Kd6 35. Qg6+ Ke5 36. Qxg7+ Kd6 37. Qg3+ 1-0